Lecturas y re-lecturas en historia colonial II

Uloženo v:
Podrobná bibliografie
Hlavní autoři: Cáceres Muñoz, Juan (Autor), Tobar Cassi, Leopoldo (Autor)
Další autoři: Leal Pino, Cristián (autor)
Médium: Kniha
Jazyk:španělština
Vydáno: Valparaíso Universidad Católica de Valparaíso 2013
Vydání:1a. ed
Témata:
Tagy: Přidat tag
Žádné tagy, Buďte první, kdo vytvoří štítek k tomuto záznamu!

MARC

LEADER 00000cam a2200000 a 4500
001 UCE6283
003 CL-VaPUC
008 150402e20130000cl |||||||||||||||||spa|d
020 |a 9789563534696 
082 0 4 |a 983.03  |b CAC  |2 21 
100 0 |a Cáceres Muñoz, Juan  |e author  |9 578939 
700 |a Leal Pino, Cristián  |e autor  |9 578940 
700 0 |a Tobar Cassi, Leopoldo  |e author  |9 578941 
245 1 0 |a Lecturas y re-lecturas en historia colonial II 
250 |a 1a. ed 
300 |a 348 p 
942 |c BK 
945 |d 20150402 11:08:00  |a dcastane 
260 |a Valparaíso  |b Universidad Católica de Valparaíso  |c 2013 
650 0 |a Historia de Chile  |9 265473 
650 7 |a HISTORIA COLONIAL DE CHILE  |2 CL-VaPUC  |9 467367 
650 7 |a COLONIA  |2 CL-VaPUC  |9 578942 
583 |a last modification  |c 20150622 04:36:53  |k Rodrigo Vera 
999 |c 358643  |d 358641 
952 |0 0  |1 0  |3 erb  |4 0  |6 983_030000000000000_CAC_2013  |7 0  |8 A  |9 467487  |a BIBHIS  |b BIBHIS  |i 5144418  |l 1  |o 983.03 CAC 2013  |p 5144418  |r 2025-01-20  |s 2022-03-28  |w 2019-11-23  |y BK  |z Catalogado en:20150402  |k HIS 
952 |0 0  |1 0  |3 erb  |4 0  |6 983_030000000000000_CAC_2013  |7 0  |8 A  |9 467488  |a BIBHIS  |b BIBHIS  |i 5163862  |o 983.03 CAC 2013  |p 5163862  |r 2025-01-20  |w 2019-11-23  |y BK  |z Catalogado en:20150605  |k HIS 
952 |0 0  |1 0  |3 erb  |4 0  |6 983_030000000000000_CAC_2013  |7 0  |8 A  |9 467489  |a BIBHIS  |b BIBHIS  |i 5163870  |o 983.03 CAC 2013  |p 5163870  |r 2025-01-20  |w 2019-11-23  |y BK  |z Catalogado en:20150605  |k HIS 
952 |0 0  |1 0  |3 erb  |4 0  |6 983_030000000000000_CAC_2013  |7 0  |8 A  |9 467490  |a BIBHIS  |b BIBHIS  |i 5163889  |o 983.03 CAC 2013  |p 5163889  |r 2025-01-20  |w 2019-11-23  |y BK  |z Catalogado en:20150605  |k HIS